000 00516cam a2200169u 4500
001 unk84057445
003 DLC
005 20260227112801.0
008 841113s1928 iluac 000 0 eng
010 _aunk84057445
040 _aDLC
_cCarP
_dDLC
050 0 0 _aMT140
_b.B7
110 2 _aBrunswick-Balke-Collender company.
245 1 4 _aThe art of George Frederick Handel and Josef Rheinberger ...
260 _a(Chicago,
_bThe Brunswick-Balke-Collender company,
_cc1928)
300 _a[12] p.
_billus. (ports.)
_c21 cm.
999 _c91538
_d91538